[Event "Torneo FIDE"]
[Site "Taormina ITA"]
[Date "2002.11.17"]
[Round "3"]
[White "Rodriguez Boado, Martin"]
[Black "Cappadona, Salvatore"]
[Result "1-0"]
[WhiteElo "2179"]
[BlackElo "2192"]
[PlyCount "113"]
[EventDate "2002.11.15"]

1. e4 d6 2. d4 Nf6 3. Nc3 g6 4. Be3 Bg7 5. Qd2 c6 6. Nf3 Nbd7 7. Bh6 Bxh6 8.
Qxh6 e5 9. O-O-O Qe7 10. h3 b5 11. dxe5 dxe5 12. Bxb5 Qc5 13. Ba4 Ba6 14. Qe3
Qxe3+ 15. fxe3 Rc8 16. Rd6 Bb7 17. Rhd1 Ke7 18. Ng5 Rc7 19. Bb3 Rf8 20. R6d2
Nc5 21. Rf2 Nxb3+ 22. axb3 h6 23. Rxf6 Kxf6 24. Nh7+ Kg7 25. Nxf8 Kxf8 26. Rd8+
Ke7 27. Rb8 Ba6 28. g3 Bf1 29. h4 Bh3 30. Na4 c5 31. Kd2 Be6 32. Nc3 Rd7+ 33.
Ke2 h5 34. Rc8 Bg4+ 35. Ke1 Rd1+ 36. Nxd1 Bxc8 37. Nc3 Bb7 38. Ke2 Ke6 39. Na4
Kd6 40. Nc3 Bc6 41. Kd3 Ke6 42. Kc4 Kd6 43. Nb5+ Ke7 44. Kxc5 Bxe4 45. c4 f5
46. Nxa7 g5 47. Nc8+ Ke6 48. Nd6 Bc2 49. Nb5 Bd1 50. Nc7+ Kd7 51. hxg5 f4 52.
exf4 exf4 53. gxf4 h4 54. Nd5 h3 55. g6 h2 56. g7 h1=Q 57. g8=Q 1-0

[Event "Torneo FIDE"]
[Site "Taormina ITA"]
[Date "2002.11.17"]
[Round "3"]
[White "Tomescu, Vlad"]
[Black "Ljubisavljevic, Zivojin Z."]
[Result "1-0"]
[WhiteElo "2432"]
[BlackElo "2288"]
[PlyCount "83"]
[EventDate "2002.11.15"]

1. e4 c5 2. Nf3 Nc6 3. d4 cxd4 4. Nxd4 e5 5. Nb5 a6 6. Nd6+ Bxd6 7. Qxd6 Qf6 8.
Qd1 Nge7 9. Nc3 O-O 10. Be3 Nd4 11. Qd2 d5 12. Bg5 Qe6 13. Bxe7 Qxe7 14. Nxd5
Qh4 15. Bd3 f5 16. exf5 Bxf5 17. Bxf5 Rxf5 18. Ne3 Rf3 19. g3 Qe4 20. O-O-O Rc8
21. Kb1 b5 22. h3 b4 23. Rhe1 a5 24. Ng4 Qxc2+ 25. Qxc2 Nxc2 26. Re2 Nd4 27.
Rxe5 Nf5 28. Re2 h5 29. Nh2 Nxg3 30. Red2 Ne4 31. Nxf3 Nxd2+ 32. Rxd2 Rf8 33.
Ng5 g6 34. h4 a4 35. Kc2 Rc8+ 36. Kd3 Kg7 37. Rc2 Rd8+ 38. Ke3 Re8+ 39. Ne4 g5
40. hxg5 h4 41. f4 Kg6 42. Kf3 1-0

[Event "Torneo FIDE"]
[Site "Taormina ITA"]
[Date "2002.11.17"]
[Round "4"]
[White "Aleksic, Nenad"]
[Black "Ortega, Lexy"]
[Result "1/2-1/2"]
[WhiteElo "2385"]
[BlackElo "2452"]
[PlyCount "24"]
[EventDate "2002.11.15"]

1. Nf3 d5 2. g3 c6 3. Bg2 Nf6 4. O-O Bf5 5. d3 e6 6. Nbd2 h6 7. c3 Be7 8. Re1
O-O 9. b3 a5 10. a3 Na6 11. Bb2 Bh7 12. Qc2 Qb6 1/2-1/2

[Event "Torneo FIDE"]
[Site "Taormina ITA"]
[Date "2002.11.17"]
[Round "4"]
[White "Bonaccorsi, Fabrizio"]
[Black "Pircher, Karl"]
[Result "1/2-1/2"]
[WhiteElo "2170"]
[BlackElo "2058"]
[PlyCount "34"]
[EventDate "2002.11.15"]

1. Nf3 d5 2. c4 e6 3. g3 Nf6 4. Bg2 Be7 5. O-O O-O 6. b3 c5 7. Bb2 Nc6 8. e3
Qc7 9. a3 Rd8 10. Qc2 b6 11. d3 Bb7 12. Nbd2 Rac8 13. Rac1 Ne8 14. Rfe1 Bf6 15.
Nb1 Bxb2 16. Qxb2 dxc4 17. dxc4 Rd7 1/2-1/2

[Event "Torneo FIDE"]
[Site "Taormina ITA"]
[Date "2002.11.17"]
[Round "4"]
[White "Bonani, Georg"]
[Black "Tomescu, Vlad"]
[Result "0-1"]
[WhiteElo "1743"]
[BlackElo "2432"]
[PlyCount "80"]
[EventDate "2002.11.15"]

1. e4 c5 2. Nf3 Nc6 3. d4 cxd4 4. Nxd4 Nf6 5. Nc3 d6 6. Bg5 e6 7. Qd2 a6 8.
O-O-O h6 9. Bf4 Bd7 10. Bg3 Rc8 11. f4 Nxd4 12. Qxd4 Nh5 13. Be2 Nxg3 14. hxg3
b5 15. Bf3 Qc7 16. Rd2 Qc5 17. Rhd1 Qxd4 18. Rxd4 Be7 19. g4 Bc6 20. Ne2 Kd7
21. R4d3 Kc7 22. Nd4 Bb7 23. Nb3 Kb6 24. Kd2 Rc4 25. Nd4 b4 26. b3 Rc7 27. c4
bxc3+ 28. Rxc3 Rxc3 29. Kxc3 Rc8+ 30. Kd2 Bf6 31. Ne2 a5 32. Ke3 Rd8 33. Nd4 d5
34. e5 Be7 35. Rc1 Bc5 36. f5 exf5 37. gxf5 Re8 38. e6 fxe6 39. fxe6 Rxe6+ 40.
Kd3 Ba6+ 0-1

[Event "Torneo FIDE"]
[Site "Taormina ITA"]
[Date "2002.11.17"]
[Round "4"]
[White "Fabiano, Giuseppe"]
[Black "Rodriguez Boado, Martin"]
[Result "1-0"]
[WhiteElo "2278"]
[BlackElo "2179"]
[PlyCount "43"]
[EventDate "2002.11.15"]

1. e4 Nf6 2. e5 Nd5 3. Nc3 c6 4. Bc4 e6 5. Nf3 d6 6. O-O Nd7 7. d4 Nxc3 8. bxc3
dxe5 9. dxe5 Nb6 10. Bd3 Bd7 11. Ng5 Be7 12. Qh5 g6 13. Qg4 h5 14. Qg3 O-O 15.
c4 Be8 16. Kh1 Kg7 17. Rd1 Qc8 18. Re1 Na4 19. Ne4 Nc5 20. Nf6 Rh8 21. Be2 Nd7
22. Rd1 1-0

[Event "Torneo FIDE"]
[Site "Taormina ITA"]
[Date "2002.11.17"]
[Round "4"]
[White "Garcia Castro, Pablo"]
[Black "Cappadona, Salvatore"]
[Result "1-0"]
[WhiteElo "2330"]
[BlackElo "2192"]
[PlyCount "71"]
[EventDate "2002.11.15"]

1. e4 d6 2. Nc3 Nf6 3. g3 g6 4. Bg2 Bg7 5. Nge2 O-O 6. h3 e5 7. d3 c6 8. g4
Nbd7 9. O-O Nb6 10. f4 exf4 11. Nxf4 Ne8 12. Be3 Nc7 13. a4 Be6 14. a5 Nc8 15.
Qd2 Ne7 16. Nxe6 Nxe6 17. d4 d5 18. exd5 cxd5 19. a6 Rb8 20. axb7 Rxb7 21. Na4
Rc7 22. c3 f5 23. Nc5 Nxc5 24. dxc5 Qd7 25. Bd4 Rd8 26. Bxg7 Kxg7 27. Rad1 Qc6
28. b4 Rcd7 29. Rfe1 Qa6 30. Re5 fxg4 31. hxg4 Qc4 32. Rde1 Nc6 33. Re6 d4 34.
Bxc6 dxc3 35. Re7+ Kf8 36. Qh6+ 1-0

[Event "Torneo FIDE"]
[Site "Taormina ITA"]
[Date "2002.11.17"]
[Round "4"]
[White "Ljubisavljevic, Zivojin Z."]
[Black "Isonzo, David"]
[Result "1/2-1/2"]
[WhiteElo "2288"]
[BlackElo "2338"]
[PlyCount "29"]
[EventDate "2002.11.15"]

1. e4 c5 2. Nf3 d6 3. d4 cxd4 4. Nxd4 Nf6 5. Nc3 a6 6. Bg5 e6 7. Bd3 Be7 8. Qd2
Nc6 9. Nxc6 bxc6 10. f4 h6 11. Bh4 g5 12. fxg5 Ng4 13. O-O-O Bxg5 14. Bxg5 Qxg5
15. Kb1 1/2-1/2

[Event "Torneo FIDE"]
[Site "Taormina ITA"]
[Date "2002.11.18"]
[Round "5"]
[White "Cappadona, Salvatore"]
[Black "Fabiano, Giuseppe"]
[Result "1-0"]
[WhiteElo "2192"]
[BlackElo "2278"]
[PlyCount "129"]
[EventDate "2002.11.15"]

1. Nf3 Nf6 2. b3 g6 3. Bb2 Bg7 4. g3 O-O 5. Bg2 c5 6. c4 Nc6 7. O-O d6 8. Nc3
Nd7 9. e3 a6 10. Qe2 Rb8 11. Rab1 b5 12. d3 Qa5 13. Rfc1 Nb6 14. Ne1 Bd7 15.
Nd5 Nxd5 16. Bxg7 Kxg7 17. cxd5 Ne5 18. h3 Bc8 19. d4 cxd4 20. exd4 Nd7 21.
Qxe7 Nf6 22. Qxd6 Bf5 23. Rc6 Bxb1 24. Qxf6+ Kg8 25. Nf3 Be4 26. Ne5 Qe1+ 27.
Kh2 Bxg2 28. Kxg2 Qe4+ 29. Kh2 Qxd4 30. Ng4 Qxf6 31. Nxf6+ Kg7 32. Nd7 Rbd8 33.
Nxf8 Rxd5 34. Nxg6 hxg6 35. Rxa6 b4 36. Kg2 Rd2 37. Rb6 Rxa2 38. Rxb4 Rd2 39.
Rb6 Rb2 40. h4 Rc2 41. Kf3 Rc5 42. b4 Re5 43. b5 Rc5 44. Rb8 Rc3+ 45. Ke2 Rc2+
46. Ke3 Rc3+ 47. Kd4 Rf3 48. Kc5 Rxf2 49. Kc6 Rg2 50. Rd8 Rxg3 51. Rd4 Rc3+ 52.
Kd5 Rc8 53. b6 Kh6 54. b7 Rd8+ 55. Kc5 Re8 56. Rb4 Rb8 57. Kc6 g5 58. Kc7 Rxb7+
59. Kxb7 gxh4 60. Rxh4+ Kg5 61. Rb4 f5 62. Kc6 f4 63. Kd5 f3 64. Ke4 f2 65. Rb1
1-0

[Event "Torneo FIDE"]
[Site "Taormina ITA"]
[Date "2002.11.18"]
[Round "5"]
[White "Isonzo, David"]
[Black "Bonani, Georg"]
[Result "1-0"]
[WhiteElo "2338"]
[BlackElo "1743"]
[PlyCount "47"]
[EventDate "2002.11.15"]

1. e4 e5 2. Nf3 Nc6 3. Bb5 a6 4. Bxc6 dxc6 5. O-O Qd6 6. Na3 Be6 7. Qe2 O-O-O
8. Rd1 f6 9. d4 exd4 10. Rxd4 Qe7 11. Bf4 g5 12. Rxd8+ Qxd8 13. Rd1 Qe8 14. Bg3
h5 15. h4 Bxa3 16. bxa3 Bg4 17. Qe3 Kb8 18. Qb6 Qc8 19. hxg5 Bxf3 20. Bxc7+
Qxc7 21. Rd8+ Qxd8 22. Qxd8+ Ka7 23. gxf3 fxg5 24. Qd4+ 1-0

[Event "Torneo FIDE"]
[Site "Taormina ITA"]
[Date "2002.11.18"]
[Round "5"]
[White "Ortega, Lexy"]
[Black "Ljubisavljevic, Zivojin Z."]
[Result "0-1"]
[WhiteElo "2452"]
[BlackElo "2288"]
[PlyCount "106"]
[EventDate "2002.11.15"]

1. d4 Nf6 2. Nf3 g6 3. c4 Bg7 4. Nc3 O-O 5. e4 d6 6. Be2 Nc6 7. O-O e5 8. d5
Ne7 9. b4 a5 10. Ba3 b6 11. bxa5 Rxa5 12. Bb4 Ra8 13. a4 Nh5 14. Re1 Nf4 15.
Bf1 h6 16. Nb5 f5 17. Nd2 fxe4 18. Nxe4 Bf5 19. a5 bxa5 20. Rxa5 Rb8 21. Ra7
Bxe4 22. Rxe4 Nf5 23. Rxc7 Rxb5 24. Rxg7+ Kxg7 25. cxb5 Nh4 26. Kh1 Qb6 27. Be1
Qb7 28. Rc4 Nf5 29. Rc6 Nd4 30. Rxd6 Nxb5 31. Rc6 Nd4 32. Rc5 Nxd5 33. f3 Nxf3
34. Rxd5 Nxe1 35. Bc4 Rd8 36. Qxe1 Rxd5 37. Bxd5 Qxd5 38. h3 Qd4 39. Qb1 h5 40.
Qb7+ Kh6 41. Qb8 Kg5 42. Qf8 e4 43. Qe7+ Kf4 44. Qf7+ Ke3 45. Qxg6 Qa1+ 46. Kh2
Qe5+ 47. Kg1 Kd2 48. Qh6+ e3 49. Qa6 Qc5 50. Qa2+ Qc2 51. Qa5+ Qc3 52. Qa2+ Kc1
53. Qe2 Qd4 0-1

[Event "Torneo FIDE"]
[Site "Taormina ITA"]
[Date "2002.11.18"]
[Round "5"]
[White "Pircher, Karl"]
[Black "Aleksic, Nenad"]
[Result "0-1"]
[WhiteElo "2058"]
[BlackElo "2385"]
[PlyCount "62"]
[EventDate "2002.11.15"]

1. d4 Nf6 2. c4 e6 3. Nc3 Bb4 4. Qc2 O-O 5. Bg5 c5 6. dxc5 Bxc5 7. Nf3 Be7 8.
e3 b6 9. Be2 Bb7 10. O-O Na6 11. Rfd1 Nc5 12. Rac1 Rc8 13. Rd4 h6 14. Bh4 a5
15. Qd1 Nfe4 16. Bxe7 Qxe7 17. Nxe4 Bxe4 18. Nd2 Bc6 19. Nb3 Ba4 20. Rc3 e5 21.
Rd5 Bc6 22. Rxc5 bxc5 23. Nxa5 Ra8 24. Nxc6 dxc6 25. a4 Rfd8 26. Qc2 e4 27. f3
Rd6 28. fxe4 Rad8 29. Bf3 Rd2 30. Qb3 Qh4 31. h3 Qf2+ 0-1

[Event "Torneo FIDE"]
[Site "Taormina ITA"]
[Date "2002.11.18"]
[Round "5"]
[White "Rodriguez Boado, Martin"]
[Black "Bonaccorsi, Fabrizio"]
[Result "1-0"]
[WhiteElo "2179"]
[BlackElo "2170"]
[PlyCount "49"]
[EventDate "2002.11.15"]

1. e4 d5 2. exd5 Qxd5 3. Nc3 Qd6 4. Nf3 Nf6 5. d4 Bg4 6. Be2 Nc6 7. Nb5 Qd8 8.
Bf4 Nd5 9. Bg3 a6 10. Nc3 e6 11. O-O Be7 12. Ne4 O-O 13. c3 f5 14. Nc5 f4 15.
Bh4 Bxf3 16. Bxf3 Bxh4 17. Nxe6 Qd7 18. Qb3 Rf5 19. Bxd5 Rxd5 20. Nxc7 Na5 21.
Qxd5+ Qxd5 22. Nxd5 Bg5 23. Rfe1 Nc6 24. Nc7 Ra7 25. d5 1-0

[Event "Torneo FIDE"]
[Site "Taormina ITA"]
[Date "2002.11.18"]
[Round "5"]
[White "Tomescu, Vlad"]
[Black "Garcia Castro, Pablo"]
[Result "0-1"]
[WhiteElo "2432"]
[BlackElo "2330"]
[PlyCount "98"]
[EventDate "2002.11.15"]

1. e4 d6 2. d4 e5 3. Nf3 exd4 4. Nxd4 g6 5. Nc3 Bg7 6. Be3 Nf6 7. Qd2 O-O 8.
O-O-O Nc6 9. f3 Nxd4 10. Bxd4 Be6 11. Be3 Re8 12. g4 a6 13. Bh6 Bh8 14. Bg5 Qc8
15. h4 b5 16. h5 b4 17. Nd5 Bxd5 18. exd5 Nd7 19. hxg6 fxg6 20. Bd3 Nf8 21.
Rde1 Qd7 22. Rxe8 Rxe8 23. Qxb4 Qf7 24. Qf4 Qg7 25. c3 Nd7 26. Bh6 Ne5 27. Bxa6
Qe7 28. Kb1 Nf7 29. Bd3 Rb8 30. Kc2 Be5 31. Qd2 Nxh6 32. Qxh6 Qf7 33. Be4 Ra8
34. a3 Rb8 35. g5 c6 36. Rd1 c5 37. Rb1 c4 38. Qh3 Qb7 39. Kd2 Qa7 40. Ke2 Kh8
41. Bxg6 Bf4 42. Kf1 Rf8 43. Kg2 Bxg5 44. Kh1 Rf4 45. Kg2 Qg7 46. Be4 Rh4 47.
Qg3 Qh6 48. f4 Bxf4 49. Qf2 Be5 0-1

[Event "Torneo FIDE"]
[Site "Taormina ITA"]
[Date "2002.11.19"]
[Round "6"]
[White "Aleksic, Nenad"]
[Black "Rodriguez Boado, Martin"]
[Result "1-0"]
[WhiteElo "2385"]
[BlackElo "2179"]
[PlyCount "81"]
[EventDate "2002.11.15"]

1. e4 Nf6 2. d3 e5 3. Nf3 Nc6 4. c3 a5 5. Be2 d5 6. Nbd2 g6 7. O-O Bg7 8. b3
O-O 9. Bb2 Re8 10. a3 Nh5 11. g3 Bh3 12. Re1 h6 13. Qc2 Nf6 14. Rad1 Qe7 15. b4
axb4 16. cxb4 d4 17. Rc1 Rec8 18. Nc4 Nd7 19. Bf1 Be6 20. Bg2 Na7 21. Nfd2 c5
22. bxc5 Rxc5 23. a4 b5 24. axb5 Nxb5 25. Qd1 Rcc8 26. Ra1 Rab8 27. Bf1 Nc5 28.
Qc2 h5 29. Ra5 Bh6 30. Nf3 Bxc4 31. dxc4 Nd7 32. Rea1 Qe6 33. Ra6 Rc6 34. Rxc6
Qxc6 35. Bh3 f5 36. exf5 g5 37. f6 Nxf6 38. Qg6+ Bg7 39. Nxe5 Qe8 40. Qxe8+
Nxe8 41. Nc6 1-0

[Event "Torneo FIDE"]
[Site "Taormina ITA"]
[Date "2002.11.19"]
[Round "6"]
[White "Bonaccorsi, Fabrizio"]
[Black "Cappadona, Salvatore"]
[Result "1/2-1/2"]
[WhiteElo "2170"]
[BlackElo "2192"]
[PlyCount "128"]
[EventDate "2002.11.15"]

1. e4 d6 2. d4 Nf6 3. Nc3 g6 4. f4 Bg7 5. Nf3 O-O 6. Be3 b6 7. Bd3 c5 8. e5 Ng4
9. Bg1 Bb7 10. h3 Nh6 11. Qe2 cxd4 12. Nxd4 dxe5 13. fxe5 Nc6 14. Nxc6 Bxc6 15.
O-O-O Qc8 16. Bh2 Nf5 17. Ba6 Bb7 18. Bxb7 Qxb7 19. Rd3 Rad8 20. Rhd1 Rxd3 21.
Rxd3 b5 22. Bf4 b4 23. Ne4 Qa6 24. Kb1 Nd4 25. Qd1 Ne6 26. g3 Qc4 27. Nd2 Qb5
28. Nf3 a5 29. Nd4 Nxd4 30. Rxd4 Qb6 31. h4 f6 32. exf6 Qxf6 33. c3 e5 34. Bg5
Qf5+ 35. Rd3 bxc3 36. bxc3 h6 37. g4 Qe4 38. Bc1 Rb8+ 39. Ka1 Kh7 40. h5 Qb7
41. hxg6+ Kxg6 42. Rd6+ Kh7 43. Qc2+ e4 44. Bb2 Re8 45. g5 hxg5 46. Qd1 Rb8 47.
Qe2 g4 48. Re6 a4 49. Ra6 g3 50. Ra5 Qxb2+ 51. Qxb2 Rxb2 52. Kxb2 e3 53. Kc2 e2
54. Rh5+ Kg6 55. Rh1 Kf5 56. Kd2 Kg4 57. Kxe2 Bxc3 58. Rg1 Bd4 59. Rg2 Bc5 60.
Kf1 Kf3 61. Rd2 Be3 62. Rc2 a3 63. Re2 Bf2 64. Rxf2+ gxf2 1/2-1/2

[Event "Torneo FIDE"]
[Site "Taormina ITA"]
[Date "2002.11.19"]
[Round "6"]
[White "Bonani, Georg"]
[Black "Ortega, Lexy"]
[Result "0-1"]
[WhiteElo "1743"]
[BlackElo "2452"]
[PlyCount "58"]
[EventDate "2002.11.15"]

1. e4 c5 2. Nf3 e6 3. d4 cxd4 4. Nxd4 a6 5. Nc3 b5 6. a3 Bb7 7. Be2 d6 8. O-O
Nf6 9. Bf3 Nbd7 10. Re1 Qc7 11. Nde2 Ne5 12. Ng3 Be7 13. Be2 Rc8 14. Be3 O-O
15. f3 Rfd8 16. Bd3 d5 17. exd5 Nxd5 18. Nxd5 Rxd5 19. Qe2 Nxd3 20. cxd3 Qd7
21. Red1 a5 22. Ne4 b4 23. axb4 axb4 24. d4 Bc6 25. Nc5 Qd8 26. Rd2 e5 27. Rad1
exd4 28. Bxd4 Rxd4 29. Rxd4 Bxc5 0-1

[Event "Torneo FIDE"]
[Site "Taormina ITA"]
[Date "2002.11.19"]
[Round "6"]
[White "Garcia Castro, Pablo"]
[Black "Fabiano, Giuseppe"]
[Result "0-1"]
[WhiteElo "2330"]
[BlackElo "2278"]
[PlyCount "110"]
[EventDate "2002.11.15"]

1. e4 c5 2. Nc3 Nc6 3. Nge2 g6 4. d3 Bg7 5. Bg5 Nf6 6. g3 d6 7. h3 O-O 8. Bg2
Rb8 9. O-O b5 10. Qd2 b4 11. Nd5 Nxd5 12. exd5 Ne5 13. Kh2 Nd7 14. c4 bxc3 15.
bxc3 Nf6 16. Rab1 Rb6 17. c4 Ra6 18. Rfc1 Re8 19. Rb5 Qc7 20. Rcb1 Nd7 21. Be3
Nb6 22. Re1 Bd7 23. Rb3 Na4 24. d4 Rb6 25. dxc5 dxc5 26. Qa5 Be5 27. Rd1 Reb8
28. Rdb1 Bf5 29. Re1 Rxb3 30. Qxc7 Bxc7 31. axb3 Rxb3 32. Nc1 Rb2 33. Bf1 Rc2
34. Kg1 h5 35. Nb3 Bd6 36. Bg5 Kf8 37. Ra1 Bd7 38. Na5 Nb2 39. Nc6 f6 40. Bh6+
Kf7 41. Rxa7 Bf5 42. Bf4 Bxf4 43. Rxe7+ Kf8 44. gxf4 Rc1 45. Kg2 Rd1 46. Re3
Rd2 47. Nd8 Bd3 48. Ne6+ Kf7 49. Bxd3 Nxd3 50. d6 Nxf2 51. Nd8+ Kf8 52. Ne6+
Kg8 53. Kf1 Nd1 54. Rb3 Rxd6 55. Nxc5 Rd4 0-1

[Event "Torneo FIDE"]
[Site "Taormina ITA"]
[Date "2002.11.19"]
[Round "6"]
[White "Ljubisavljevic, Zivojin Z."]
[Black "Pircher, Karl"]
[Result "1/2-1/2"]
[WhiteElo "2288"]
[BlackElo "2058"]
[PlyCount "20"]
[EventDate "2002.11.15"]

1. Nf3 d5 2. g3 Nf6 3. Bg2 e6 4. O-O c5 5. c4 Be7 6. cxd5 Nxd5 7. Nc3 O-O 8.
Nxd5 Qxd5 9. d4 Nc6 10. Be3 Qh5 1/2-1/2

[Event "Torneo FIDE"]
[Site "Taormina ITA"]
[Date "2002.11.19"]
[Round "6"]
[White "Tomescu, Vlad"]
[Black "Isonzo, David"]
[Result "1-0"]
[WhiteElo "2432"]
[BlackElo "2338"]
[PlyCount "153"]
[EventDate "2002.11.15"]

1. d4 Nf6 2. c4 g6 3. Nc3 Bg7 4. e4 d6 5. f3 O-O 6. Be3 e5 7. Nge2 Nbd7 8. Qd2
c6 9. O-O-O a6 10. Kb1 b5 11. c5 Qe7 12. dxe5 dxe5 13. Qd6 Qxd6 14. Rxd6 Bb7
15. Nc1 Rfd8 16. Nb3 Bf8 17. Rd2 a5 18. a4 b4 19. Na2 Be7 20. Bc4 Nf8 21. Rhd1
Rxd2 22. Rxd2 Bc8 23. Nac1 N6d7 24. Kc2 Ne6 25. Bxe6 fxe6 26. Rd1 Kf7 27. Nd3
Ke8 28. Nf2 Ba6 29. Rc1 Bc4 30. Nd2 Ba6 31. Kd1 Bd8 32. Nb3 Bc7 33. Bg5 Rb8 34.
Ke1 Kf7 35. Ng4 Ke8 36. Kf2 Kf7 37. Rd1 Ke8 38. Ne3 Ra8 39. h4 h5 40. g4 Rb8
41. Kg3 Ra8 42. Rd2 Rb8 43. gxh5 gxh5 44. f4 exf4+ 45. Bxf4 e5 46. Bg5 Nf8 47.
Nf5 Ne6 48. Kf3 Bc4 49. Nxa5 Bxa5 50. Nd6+ Kf8 51. Nxc4 Bc7 52. Rd7 b3 53. Bf6
Rb4 54. Nxe5 Bxe5 55. Bxe5 Rxa4 56. Bd6+ Kg8 57. Ke3 Rc4 58. Rb7 Nxc5 59. Bxc5
Rxc5 60. Rxb3 Kf7 61. Kf4 Rc2 62. Ke5 Rh2 63. Kf5 Rxh4 64. e5 c5 65. Rb7+ Ke8
66. Rh7 Rb4 67. Kf6 Rxb2 68. Rh8+ Kd7 69. e6+ Kc6 70. e7 Rf2+ 71. Kg5 Rg2+ 72.
Kf4 Re2 73. e8=Q+ Rxe8 74. Rxe8 c4 75. Re4 Kc5 76. Ke3 Kb4 77. Rd4 1-0

[Event "Torneo FIDE"]
[Site "Taormina ITA"]
[Date "2002.11.20"]
[Round "7"]
[White "Cappadona, Salvatore"]
[Black "Aleksic, Nenad"]
[Result "0-1"]
[WhiteElo "2192"]
[BlackElo "2385"]
[PlyCount "97"]
[EventDate "2002.11.15"]

1. Nf3 Nf6 2. b3 e6 3. Bb2 b6 4. g3 Bb7 5. Bg2 Be7 6. O-O O-O 7. c4 d6 8. d3 c5
9. Nc3 Nbd7 10. Rc1 Qc7 11. e3 Rac8 12. Qe2 Rfd8 13. Rfd1 Qb8 14. e4 a6 15. Ne1
Ne5 16. f4 Nc6 17. Nc2 Nd7 18. Nb1 Bf6 19. Bxf6 Nxf6 20. Nd2 Qc7 21. Nf3 Ba8
22. Bh3 Re8 23. Rf1 Rcd8 24. Rce1 Ne7 25. Ne3 b5 26. Qf2 Rf8 27. f5 exf5 28.
Bxf5 bxc4 29. bxc4 Rb8 30. g4 Ng6 31. Bxg6 fxg6 32. Qh4 Rb2 33. Nd5 Qd7 34. h3
Rxa2 35. Ng5 Bxd5 36. exd5 Rb8 37. Rxf6 gxf6 38. Ne4 Qf7 39. Nxf6+ Kh8 40. g5
Qb7 41. Qh6 Rb2 42. Ne4 Qe7 43. Qh4 Rb1 44. Qg3 a5 45. Rxb1 Rxb1+ 46. Kf2 a4
47. Qg4 Rb8 48. Ke3 a3 49. Qd1 0-1

[Event "Torneo FIDE"]
[Site "Taormina ITA"]
[Date "2002.11.20"]
[Round "7"]
[White "Fabiano, Giuseppe"]
[Black "Bonaccorsi, Fabrizio"]
[Result "1-0"]
[WhiteElo "2278"]
[BlackElo "2170"]
[PlyCount "41"]
[EventDate "2002.11.15"]

1. e4 c5 2. Nf3 d6 3. d4 cxd4 4. Nxd4 Nf6 5. Nc3 a6 6. Bc4 e6 7. Bb3 Be7 8. Be3
Nc6 9. f3 Bd7 10. g4 h6 11. Qd2 Na5 12. O-O-O Nxb3+ 13. axb3 Bc6 14. h4 Qd7 15.
g5 Ng8 16. g6 f6 17. Qg2 e5 18. Nf5 Bf8 19. Bb6 a5 20. Rd2 Bb5 21. Rhd1 1-0

[Event "Torneo FIDE"]
[Site "Taormina ITA"]
[Date "2002.11.20"]
[Round "7"]
[White "Isonzo, David"]
[Black "Garcia Castro, Pablo"]
[Result "1/2-1/2"]
[WhiteElo "2338"]
[BlackElo "2330"]
[PlyCount "44"]
[EventDate "2002.11.15"]

1. e4 e5 2. Nf3 d6 3. d4 exd4 4. Nxd4 g6 5. Nc3 Bg7 6. Be3 Nf6 7. Qd2 O-O 8.
O-O-O Nc6 9. f3 Nxd4 10. Bxd4 Be6 11. g4 c5 12. Be3 Qa5 13. Bh6 Bxh6 14. Qxh6
b5 15. Bxb5 Rfb8 16. Qf4 Ne8 17. Bxe8 Rxb2 18. Kxb2 Rb8+ 19. Bb5 Qb4+ 20. Kc1
Qxc3 21. Rxd6 Rxb5 22. Rd8+ Kg7 1/2-1/2

[Event "Torneo FIDE"]
[Site "Taormina ITA"]
[Date "2002.11.20"]
[Round "7"]
[White "Ortega, Lexy"]
[Black "Tomescu, Vlad"]
[Result "1-0"]
[WhiteElo "2452"]
[BlackElo "2432"]
[PlyCount "81"]
[EventDate "2002.11.15"]

1. d4 Nf6 2. Nf3 e6 3. Bf4 b5 4. e3 a6 5. Nbd2 Bb7 6. c3 Be7 7. h3 d6 8. a4 c6
9. Bd3 Nbd7 10. e4 O-O 11. O-O c5 12. Qe2 c4 13. Bc2 d5 14. e5 Ne8 15. h4 Nb6
16. Ng5 g6 17. Qg4 Ng7 18. axb5 axb5 19. Rxa8 Bxa8 20. Ndf3 h5 21. Qg3 Qe8 22.
Bc1 Bc6 23. Nxf7 Rxf7 24. Qxg6 Rf5 25. Bxf5 exf5 26. Qh6 f4 27. Bxf4 Na4 28.
Bg5 Bf8 29. Bf6 Bd7 30. Ng5 Bf5 31. e6 Qg6 32. Qxg6 Bxg6 33. e7 Nf5 34. exf8=Q+
Kxf8 35. Ra1 Ke8 36. g3 Nxb2 37. Ra8+ Kd7 38. Rd8+ Kc7 39. Rxd5 b4 40. Re5 Kb7
41. Rb5+ 1-0

[Event "Torneo FIDE"]
[Site "Taormina ITA"]
[Date "2002.11.20"]
[Round "7"]
[White "Pircher, Karl"]
[Black "Bonani, Georg"]
[Result "1/2-1/2"]
[WhiteElo "2058"]
[BlackElo "1743"]
[PlyCount "38"]
[EventDate "2002.11.15"]

1. e4 e5 2. Nf3 Nc6 3. Bb5 a6 4. Ba4 Nf6 5. O-O Be7 6. Re1 b5 7. Bb3 O-O 8. c3
d5 9. exd5 Nxd5 10. Nxe5 Nxe5 11. Rxe5 c6 12. d4 Bd6 13. Re1 Qh4 14. g3 Qh3 15.
Qd3 Bg4 16. Qf1 Qh5 17. Be3 f5 18. Nd2 f4 19. Bxd5+ cxd5 1/2-1/2

[Event "Torneo FIDE"]
[Site "Taormina ITA"]
[Date "2002.11.21"]
[Round "8"]
[White "Aleksic, Nenad"]
[Black "Fabiano, Giuseppe"]
[Result "1/2-1/2"]
[WhiteElo "2385"]
[BlackElo "2278"]
[PlyCount "57"]
[EventDate "2002.11.15"]

1. e4 e5 2. Nf3 Nc6 3. c3 Nf6 4. d3 d5 5. Nbd2 a6 6. Be2 Bc5 7. O-O O-O 8. b3
Qe7 9. Bb2 Ba3 10. Bxa3 Qxa3 11. Qc2 Re8 12. Rfe1 Qc5 13. Rac1 Bg4 14. Qb1 Bxf3
15. Nxf3 Qb6 16. h3 Rad8 17. a3 a5 18. c4 Qc5 19. Qb2 Ra8 20. Rb1 Nd7 21. Nd2
Qe7 22. Bf1 Nc5 23. Ra1 d4 24. Qc2 g6 25. Rab1 Ne6 26. Ra1 Kg7 27. Nf3 h5 28.
Rec1 b6 29. Re1 1/2-1/2

[Event "Torneo FIDE"]
[Site "Taormina ITA"]
[Date "2002.11.21"]
[Round "8"]
[White "Bonani, Georg"]
[Black "Rodriguez Boado, Martin"]
[Result "1/2-1/2"]
[WhiteElo "1743"]
[BlackElo "2179"]
[PlyCount "82"]
[EventDate "2002.11.15"]

1. e4 Nf6 2. e5 Nd5 3. d4 d6 4. Nf3 g6 5. Bc4 c6 6. O-O Bg7 7. Qe2 O-O 8. Nc3
dxe5 9. dxe5 Be6 10. Ne4 Qc7 11. Neg5 Bg4 12. e6 f6 13. Nf7 Qc8 14. Re1 Na6 15.
h3 Bxf3 16. gxf3 Nac7 17. h4 Qxe6 18. Qxe6 Nxe6 19. Nh6+ Bxh6 20. Bxh6 Ng7 21.
Rxe7 Rf7 22. Rxf7 Kxf7 23. Bxg7 Kxg7 24. Bxd5 cxd5 25. Rd1 Rd8 26. c4 d4 27. f4
Kf7 28. Kg2 Ke6 29. Kf3 Kf5 30. b4 h5 31. c5 Rd5 32. Rc1 a5 33. b5 d3 34. c6 d2
35. Rd1 bxc6 36. bxc6 Rc5 37. Rxd2 Rc3+ 38. Kg2 Kxf4 39. Rd4+ Ke5 40. Ra4 Rxc6
41. Rxa5+ Kf4 1/2-1/2

[Event "Torneo FIDE"]
[Site "Taormina ITA"]
[Date "2002.11.21"]
[Round "8"]
[White "Garcia Castro, Pablo"]
[Black "Bonaccorsi, Fabrizio"]
[Result "0-1"]
[WhiteElo "2330"]
[BlackElo "2170"]
[PlyCount "79"]
[EventDate "2002.11.15"]

1. g3 e5 2. Bg2 Nf6 3. d3 d5 4. a3 c5 5. Nf3 Nc6 6. O-O Be7 7. c3 a5 8. b3 O-O
9. Qc2 Re8 10. Rd1 Bf8 11. Nbd2 g6 12. Bb2 Bg7 13. e3 h6 14. Rac1 Be6 15. Qb1
Nd7 16. h3 f5 17. d4 e4 18. Ne1 cxd4 19. cxd4 g5 20. Nc4 Qb8 21. b4 axb4 22.
axb4 Nxb4 23. Na3 Nc6 24. Nb5 Bf8 25. Nc2 f4 26. Kh2 h5 27. Rg1 f3 28. Bf1 Nf6
29. Ba3 Bxa3 30. Nbxa3 Re7 31. Rh1 h4 32. Nb4 hxg3+ 33. fxg3 Nxb4 34. Qxb4 Rh7
35. Bg2 Ng4+ 36. Kg1 Qxg3 37. Rc2 f2+ 38. Kf1 Nxe3+ 39. Ke2 Nxc2 40. Qd6 0-1

[Event "Torneo FIDE"]
[Site "Taormina ITA"]
[Date "2002.11.21"]
[Round "8"]
[White "Isonzo, David"]
[Black "Ortega, Lexy"]
[Result "0-1"]
[WhiteElo "2338"]
[BlackElo "2452"]
[PlyCount "74"]
[EventDate "2002.11.15"]

1. e4 c5 2. Nf3 d6 3. d4 cxd4 4. Nxd4 Nf6 5. Nc3 a6 6. Bc4 e6 7. Bb3 b5 8. O-O
Be7 9. Qf3 Qb6 10. Be3 Qb7 11. Qg3 b4 12. Na4 Nbd7 13. f3 O-O 14. Rfd1 Ne5 15.
Rac1 Bd7 16. Nb6 Nh5 17. Qh3 Qxb6 18. Qxh5 Qb7 19. Bg5 Bxg5 20. Qxg5 a5 21. f4
Nc6 22. f5 h6 23. Qe3 a4 24. Bc4 Ne5 25. Be2 a3 26. b3 Rac8 27. c4 bxc3 28.
Rxc3 Rxc3 29. Qxc3 Qxe4 30. Qb4 Bc6 31. Nxc6 Qxe2 32. Ne7+ Kh7 33. Re1 Nd3 34.
Rxe2 Nxb4 35. fxe6 fxe6 36. Re4 Nxa2 37. Ra4 Nc3 0-1